000 00418nab a2200145Ia 4500
003 ES-SlBCS
005 20210601132745.0
008 140529s1980 xxu||||| |||| 00| 0 ita d
041 _aita
100 1 _aPullia, Francesco
_9198583
245 0 0 _aIn morte di Carmelo Ottaviano
_c Francesco Pullia
600 1 4 _aOttaviano, Carmelo
_922019
773 0 _tFilosofia
_gvol. 31, nº. 3, 1980, págs. 570
_wRev1488
942 _cAR
999 _c585216
_d585216